00416nam a2200157Ia 450000100060000000800410000602000150004704000130006208200180007510000160009324500490010926000610015830000110021954600070023065000210023740824140424s9999 xx 000 0 und d a9695034012 cPK-LaUMT a 297.4bKHA-I aKhalid Alvi aIslam ka muasherti nazam (Urdu)cKhalid Alvi aLahore,Pakistan:bAl-Faisal Publisher and Traders,c2009 a705 p. aUR aMuasharati Nazam